24 Famous Movie 'Teams' Quiz Stats

 Plays Quiz Updated Feb 2, 2015

Score 0/24 Timer 08:00
3 Plays Today
% Correct
Star Wars
98.7%
The Incredibles
97%
The Wizard of Oz
96.5%
Teenage Mutant Ninja Turtles
95%
Ghostbusters
94.7%
The Muppets Take Manhattan
94.2%
The Lord of the Rings
94%
The Hangover
92.5%
Oceans 11
90.4%
Anchorman: The Legend of Ron Burgundy
90.1%
X-Men
89.3%
Space Jam
89.1%
% Correct
The Avengers
88.5%
Kung Fu Panda
88.2%
The Goonies
86.8%
Dodgeball: A True Underdog Story
86.7%
Fast Five
85.3%
Cool Runnings
82.8%
Saving Private Ryan
79.9%
The Mighty Ducks
78.4%
Guardians of the Galaxy
78.3%
A League of Their Own
75.8%
The Expendables
73.3%
Reservoir Dogs
70.1%

You're not logged in!

Compare scores with friends on all Sporcle quizzes.
OR
Log In

Show Comments

Extras

Top Quizzes Today


Score Distribution

Your Account Isn't Verified!

In order to create a playlist on Sporcle, you need to verify the email address you used during registration. Go to your Sporcle Settings to finish the process.

Report this User

Report this user for behavior that violates our Community Guidelines.

Details: